| 000 | 01326nam0a2200325 4500 | ||
|---|---|---|---|
| 001 | RU\NLR\BIBL_A\022675820 | ||
| 005 | 20251207044025.0 | ||
| 010 | _95000 | ||
| 035 | _a(NLR Aleph) 022675820 | ||
| 090 |
_a13473526 _c13473526 |
||
| 100 | _a20251201d1951 m y0rusy50 ca | ||
| 101 | 0 |
_atyv _arus |
|
| 102 | _aRU | ||
| 105 | _ay z 000 y | ||
| 181 | 0 |
_ai _baxxe |
|
| 182 | 0 | _an | |
| 200 | 1 |
_aБок үнүштер болгаш оларның-биле демисел _fПрофессор Н. С. Соколов _gОчулдурганнар С. Топуй-оол, К. Аракча |
|
| 203 |
_aТекст _bвизуальный _cнепосредственный |
||
| 210 |
_aКызыл _cТыва областың ном үндүрер чери _d1951 |
||
| 215 |
_a20, [1] с. _d20 |
||
| 225 | 1 | _aКолхозтарда үш чыл хуусаалыг агро-зоотехниктиг курстарның дыңнакчыларынга дузаламчы | |
| 309 | _aБез тит. л. | ||
| 541 | 1 |
_aСорняки и борьба с ними _zrus |
|
| 686 | 1 | _aП146.789.9 | |
| 700 | 1 |
_aСоколов _bН. С. _cпрофессор _4070 |
|
| 702 | 1 |
_aТопуй-оол _bС. _4730 |
|
| 702 | 1 |
_aАракча _bК. Д. _f1950- _gКара-Кыс Донгаковна _4730 |
|
| 942 | _cBOOK | ||
| 980 | _aNB | ||